| 000 | 01024nam a2200313 i 4500 | ||
|---|---|---|---|
| 001 | 015595630 | ||
| 003 | EG-ScBUE | ||
| 005 | 20230515123433.0 | ||
| 008 | 100702s2011 sz a f b 001 0 eng d | ||
| 020 | _a9782940411382 (pbk.) | ||
| 040 |
_aStDuBDS _beng _erda _cStDuBDS _dUk _dEG-ScBUE |
||
| 082 | 0 | 4 |
_a747.8591 _222 _bLOC |
| 100 | 1 |
_aLocker, Pam, _eauthor. |
|
| 245 | 1 | 0 |
_aExhibition design / _cPam Locker. |
| 264 | 1 |
_aLausanne, Switzerland : _bAVA Publishing, _c2011. |
|
| 300 |
_a183 pages : _billustrations (chiefly color) ; _c23 cm. |
||
| 336 |
_atext _2rdacontent _btxt |
||
| 337 |
_aunmediated _2rdamedia _bn |
||
| 338 |
_avolume _2rdacarrier _bnc |
||
| 490 | 0 |
_aBasics interior design ; _v02 |
|
| 504 | _aIncludes bibliographical references and index. | ||
| 650 | 7 |
_aExhibitions _xDesign. _2BUEsh |
|
| 650 | 7 |
_aExhibition buildings. _2BUEsh |
|
| 650 | 7 |
_aInterior decoration. _2BUEsh |
|
| 653 |
_bART _cMay2023 |
||
| 655 | _vReading book | ||
| 942 |
_2ddc _cBB |
||
| 999 |
_c30388 _d30359 |
||